Pokémon - Attacken von Coronospa (Rappenreiter) in KA/PU - Statistiken

Allgemein
  • Dieses Quiz wurde 3 mal gespielt
  • Das Durchschnittsergebnis liegt bei 30 aus 82
Antwortstatistiken
Antwort % Korrekt
Astralfragmente
67%
Diebeskuss
67%
Energieball
67%
Finsteraura
67%
Gigasauger
67%
Lehmschuss
67%
Psychokinese
67%
Psychoschock
67%
Seher
67%
Solarstrahl
67%
Spukball
67%
Tackle
67%
Agilität
33%
Ausdauer
33%
Begrenzer
33%
Bizarroraum
33%
Blättersturm
33%
Bodycheck
33%
Bodyslam
33%
Bürde
33%
Dampfwalze
33%
Delegator
33%
Doppelkick
33%
Dunkelnebel
33%
Egelsamen
33%
Erdanziehung
33%
Erholung
33%
Fähigkeitstausch
33%
Fassade
33%
Flächenmacht
33%
Fluch
33%
Fruststampfer
33%
Frustventil
33%
Gedankengut
33%
Gigastoß
33%
Grasfeld
33%
Grimasse
33%
Hyperstrahl
33%
Irrlicht
33%
Klaps
33%
Knirscher
33%
Konfusion
33%
Konfusstrahl
33%
Kraftvorrat
33%
Kugelsaat
33%
Lebenstropfen
33%
Leidteiler
33%
Lichtschild
33%
Megasauger
33%
Metronom
33%
Nachtnebel
33%
Phantomkraft
33%
Pollenknödel
33%
Psychofeld
33%
Psycho-Plus
33%
Psystrahl
33%
Ränkeschmied
33%
Rechte Hand
33%
Reflektor
33%
Risikotackle
33%
Rutenschlag
33%
Samenbomben
33%
Schlafrede
33%
Schmarotzer
33%
Schutzschild
33%
Solarklinge
33%
Sonnentag
33%
Stafette
33%
Stampfer
33%
Standpauke
33%
Sternschauer
33%
Strauchler
33%
Tera-Ausbruch
33%
Trickbetrug
33%
Verhöhner
33%
Zauberblatt
33%
Zen-Kopfstoß
33%
Zugabe
33%
Aussetzer
0%
Fuchtler
0%
Heilwoge
0%
Wachstum
0%
Keine übereinstimmenden Quizze gefunden
Verteilung der Resultate
Anzahl Personen mit jedem Resultat
Perzentil nach korrekt beantworteten Fragen
Ihre Resultats-Entwicklung
Sie haben dieses Quiz noch nicht gespielt